What makes giftedness? : a reexamination of the definition of the gifted and talented /

Bibliographic Details
Main Author: Renzulli, Joseph S.
Format: Book
Language:English
Published: Ventura, Calif. : Ventura County Superintendent of Schools Office, 1979.
Series:N/S-LTI-G/T brief ; no. 6.
Subjects:

MARC

Tag First Indicator Second Indicator Subfields
LEADER 00000cam a2200000 a 4500
001 in00000070810
005 20151008061922.0
008 800409s1979 caua b l00010 eng d
035 |a (OCoLC)06182539 
035 |9 AAJ9126AM 
040 |a TXI  |c TXI  |d m.c.  |d TXA  |d UtOrBLW 
049 |a TXAM  |c [387235] 
090 |a LC3993.2  |b .R46 
100 1 |a Renzulli, Joseph S. 
245 1 0 |a What makes giftedness? :  |b a reexamination of the definition of the gifted and talented /  |c by Joseph S. Renzulli. 
264 1 |a Ventura, Calif. :  |b Ventura County Superintendent of Schools Office,  |c 1979. 
300 |a xiv, 38 pages :  |b illustrations ;  |c 28 cm. 
336 |a text  |b txt  |2 rdacontent 
337 |a unmediated  |b n  |2 rdamedia 
338 |a volume  |b nc  |2 rdacarrier 
490 1 |a N/S-LTI-G/T brief ;  |v no. 6 
500 |a A publication of the National/State Leadership Training Institute on the Gifted and the talented, administered by the Office of the Ventura County Supt. of Schools. 
504 |a Bibliography: pages 35-38. 
650 0 |a Gifted children  |x Education. 
830 0 |a N/S-LTI-G/T brief ;  |v no. 6. 
999 |a MARS 
999 f f |s 56a4afe3-56fd-3307-8e78-0caba6626e98  |i 799c43a7-800f-31cd-b2f0-bab16fbd0a13  |t 0 
952 f f |p normal  |a Texas A&M University  |b College Station  |c Sterling C. Evans Library  |d Evans: Library Stacks  |t 0  |e LC3993.2 .R46  |h Library of Congress classification  |i unmediated -- volume  |m A14813878980 
998 f f |a LC3993.2 .R46  |t 0  |l Evans: Library Stacks